000 02072nam a2200517 c 4500
999 _c28394
_d28394
003 BLK
005 20250401151641.0
008 180407b bul|||||r ||||||| ||bul||
010 _aKNG00030988000
020 _a978-954-330-304-5
040 _aBLK
041 _aBUL
_cBUL
072 7 _2bullib
_aН92
_xИстория Н
080 _aБългария през периода на общата криза на капитализма (1918-1944)
_b94(497.2)"1918/1945"
_x(092)
_z94(497.2)"1918/1945"(092)
080 _aБългарски банкер, политик
_b929 Буров, Атанас Димитров
_z929 Буров, Атанас Димитров
100 1 _aАлександров, Валентин Георгиев
_eпърви автор
_9269749
139 _aАлександров, Валентин Георгиев
_bБ 89
245 1 0 _aАтанас Буров
_bБанкер, политик, дипломат : Полит. биогр.
_cВалентин Георгиев Александров.
250 _a2. изд.
257 _aBGR
260 _bУнискорп
_c2011
300 _a92 с.
_c21 см
380 _a9
490 1 _aПоредица Биографии
500 _a1. изд. 1992 на сп. Антени.
600 1 4 _aБуров, Атанас Димитров
_9245256
650 0 _aБългария - история, нова
_9241998
650 4 _aПолитици, български
_9242530
650 4 _aБуров, Атанас Димитров
_9245256
651 4 _aБългария
_9241624
653 _aАтанас Буров
653 _aбългарски политици
653 _aбанкери
653 _aдипломати
653 _aбългарска история
653 _aбиографии
659 _aН
852 _aЦб 251540
852 _aК 94(497.2)"1878..."/Б 89 А
856 4 _qpdf
856 4 _qpdf
942 _cKNG
_n0
_017
_s1
944 _aCR
_c14.04.2011
_lЦветелина Шанова
_k30531
944 _aED
_c16.01.2013
_lф /
999 _d28394